书目信息 |
| 题名: |
金融法概论
|
|
| 作者: | 李志慧 主编 | |
| 分册: | ||
| 出版信息: | 北京 中国财政经济出版社 2005.08 |
|
| 页数: | 287页 | |
| 开本: | 23cm | |
| 丛书名: | ||
| 单 册: | ||
| 中图分类: | D922.280 | |
| 科图分类: | ||
| 主题词: | 金融法--中国--高等教育--教材 | |
| 电子资源: | ||
| ISBN: | 7-5005-8163-7 | |
| 000 | 00751nam0 2200229 450 | |
| 001 | 003236799 | |
| 005 | 20100805091139.01 | |
| 010 | @a7-5005-8163-7@dCNY23.00 | |
| 100 | @a20100515d2005 em y0chiy50 ea | |
| 101 | 0 | @achi |
| 102 | @aCN@b110000 | |
| 105 | @ay z 000yy | |
| 200 | 1 | @a金融法概论@Ajin rong fa gai lun@f李志慧主编@Fli zhi hui zhu bian |
| 210 | @a北京@c中国财政经济出版社@d2005.08 | |
| 215 | @a287页@d23cm | |
| 300 | @a21世纪高等职业教育规划教材(2年制) | |
| 330 | @a本书包括金融法概述、中国人民银行法、商业银行法、银行业监督管理法、证券法、票据法、担保法、保险法等10章。 | |
| 606 | 0 | @a金融法@y中国@x高等教育@j教材 |
| 690 | @aD922.280@v4 | |
| 701 | 0 | @a李志慧@Ali zhi hui@4主编 |
| 801 | @c20100515 | |
| 905 | @dD922.280@eL330@f5 | |
| 金融法概论/李志慧主编.-北京:中国财政经济出版社,2005.08 |
| 287页;23cm |
| 21世纪高等职业教育规划教材(2年制) |
| ISBN 7-5005-8163-7:CNY23.00 |
| 本书包括金融法概述、中国人民银行法、商业银行法、银行业监督管理法、证券法、票据法、担保法、保险法等10章。 |
| ● |
| 相关链接 |
|
|
|
正题名:金融法概论
索取号:D922.280/L330
 
预约/预借
| 序号 | 登录号 | 条形码 | 馆藏地/架位号 | 状态 | 备注 |
| 1 | 995558 | 209955583 | 社科库509/509社科库 86排9列2层/ [索取号:D922.280/L330] | 在馆 | |
| 2 | 995559 | 209955592 | 社科库509/509社科库 86排9列2层/ [索取号:D922.280/L330] | 在馆 | |
| 3 | 995560 | 209955609 | 社科库509/509社科库 86排9列2层/ [索取号:D922.280/L330] | 在馆 | |
| 4 | 995561 | 209955618 | 社科库509/509社科库 86排9列2层/ [索取号:D922.280/L330] | 在馆 | |
| 5 | 995562 | 209955627 | 社科库509/422社科库 40排4列2层/ [索取号:D922.280/L330] | 在馆 |